| 000 | 00962nam a2200265 i 4500 | ||
|---|---|---|---|
| 001 | bg | ||
| 003 | BPK | ||
| 005 | 20200715110229.0 | ||
| 008 | 010801s1977 pl a |000 0 pol | ||
| 015 | _aPB 1977/3801 | ||
| 040 |
_aWA N _cBPK |
||
| 041 | 0 | _apol | |
| 080 | _a616:502.1 | ||
| 100 | 1 |
_aJurczak, Marek E. _d(1938- ) _eAutor |
|
| 245 | 1 | 0 |
_aChoroby cywilizacji / _cMarek E. Jurczak. |
| 260 |
_aWarszawa : _bPańst. Wydaw. Naukowe, _c1977. |
||
| 300 |
_a345, [3] s. : _bil., tab. ; _c20 cm. |
||
| 490 | 1 | _aOddziaływanie Czynników Współczesnego Środowiska na Organizm Człowieka. | |
| 504 | _aBibliogr. s. | ||
| 650 | 4 |
_aŚrodowisko człowieka _xwpływ na zdrowie. |
|
| 650 | 4 | _aChoroby cywilizacyjne | |
| 856 |
_uhttp://koha.tu.koszalin.pl/cgi-bin/koha/opac-detail.pl?biblionumber=17283 _yKatalog online BPK |
||
| 830 | 0 | _aOddziaływanie Czynników Współczesnego Środowiska na Organizm Człowieka | |
| 942 |
_2UKD _cKS |
||
| 999 |
_c17283 _d17283 |
||